• 首页
  • 本馆介绍
  • 公告通知
  • 最新文献
  • 馆藏检索
  • 电子资源
  • 读者导购
  • 参考咨询
  • 我的图书馆
  • 登录
  • 详细信息显示
  • 放入我的书架
  • 预约/预借图书
  • 作者相关作品
  • 分类相关作品
  • 丛书相关作品
  • 出版社相关作品

书目信息

  • 表格格式
  • 工作单格式
  • 卡片格式
题名:
李斯特钢琴全集
    
 
作者: 李斯特 曲 ;伽托尼 , 塞兰尼 , 姚世真 编订
分册: 系列一   练习曲
出版信息: 上海   上海音乐出版社  2007
页数: 122页
开本: 31cm
丛书名:
单 册:
中图分类: J657.411(515)
科图分类:
主题词: 钢琴谱--匈牙利--近代--选集 , 钢琴谱--练习曲--匈牙利--近代--选集 , 钢琴谱 , 练习曲
电子资源:
ISBN: 978-7-80751-024-6
000 01319ncm0 2200337 450
001 003496661
005 20100325104654.39
010    @a978-7-80751-024-6@dCNY35.00
100    @a20070402d2007 em y0chiy0110 ea
101 1  @achi@chun
102    @aCN@b310000
105    @ag z 000yy
106    @ar
200 1  @a李斯特钢琴全集@9li si te gang qin quan ji@h系列一@h第二分册@i练习曲@h2@f佐尔坦·伽托尼(Zoltán Gárdonyi),伊斯特凡·塞兰尼(István Szelényi)编订@g姚世真翻译
210    @a上海@c上海音乐出版社@d2007
215    @a122页@d31cm
305    @a匈牙利布达佩斯音乐出版社提供版权
312    @a版权页题名:李斯特钢琴全集·练习曲 2
330    @a李斯特的全部音乐作品呈现于世,它能够同时满足音乐学和演奏实践方面的需求,其中内容包括:哀诉、轻盈、叹息、森林细语、侏儒轮舞、钟。
517 1  @a李斯特钢琴全集·练习曲 2
606 0  @a钢琴谱@y匈牙利@z近代@j选集
606 0  @a钢琴谱@x练习曲@y匈牙利@z近代@j选集
606 0  @a钢琴谱
606 0  @a练习曲
690    @aJ657.411(515)@v4
701  0 @c(匈)@a李斯特@9li si te@c(Franz Liszt@f1811~1886)@4曲
702  0 @c(匈)@a伽托尼@9jia tuo ni@c(Gardonyi, Zoltan)@4编订
702  0 @c(匈)@a塞兰尼@9sai lan ni@c(Szelenyi, Istvan)@4编订
702  0 @a姚世真@9yao shi zhen@c(音乐)@4翻译
801  0 @aCN@bNLC@c20100325
905    @b799333-35@dJ657.411(515)@e529@f3
    
    李斯特钢琴全集.系列一.第二分册.练习曲.2/佐尔坦·伽托尼(Zoltán Gárdonyi),伊斯特凡·塞兰尼(István Szelényi)编订/姚世真翻译.-上海:上海音乐出版社,2007
    122页;31cm
    
    
    ISBN 978-7-80751-024-6:CNY35.00
    李斯特的全部音乐作品呈现于世,它能够同时满足音乐学和演奏实践方面的需求,其中内容包括:哀诉、轻盈、叹息、森林细语、侏儒轮舞、钟。
●
相关链接 在E读中查询图书 在五车中查询图书 在当当中查询图书 在豆瓣中查询图书


正题名:李斯特钢琴全集     索取号:J657.411(515)/529         预约/预借

序号 登录号 条形码 馆藏地/架位号 状态 备注
1 799333   207993331   第一样本阅览室/ [索取号:J657.411(515)/529] 在馆    
2 799334   207993340   第一借阅区/ [索取号:J657.411(515)/529] 在馆    
3 799335   207993359   第一借阅区/ [索取号:J657.411(515)/529] 在馆    
唐山师范学院图书馆 欢迎您!
大连网信软件有限公司© 版权所有